000 00380nmm a2200145Ia 4500
008 251105s9999||||xx |||||||||||||||||und||
041 _aspa
100 _aVV. AA.
245 0 _aSueños de verano
264 _a[Madrid, España] :
_bEdiciones B,
_c2013
300 _a225 páginas
650 _aRomance
856 _uhttps://public.digitaliapublishing.com/a/52762
942 _cCF
999 _c104796
_d104796